| 000 | 00960nam a22002057a 4500 | ||
|---|---|---|---|
| 005 | 20260305110802.0 | ||
| 008 | 240820b ||||| |||| 00| 0 eng d | ||
| 082 | _aDPer 155.205 J826 October-December 2020 v. 119 n. 4-6 | ||
| 100 |
_aSaucier, Gerard. _eauthor. _958416 |
||
| 245 |
_aHigh-dimensionality personality structure in the natural language: _bfurther analyses of classic sets of english-language trait-adjectives / _cGerard Saucier, and Kathryn Iurino. |
||
| 260 |
_aWashington, DC ; _bAmerican Psychological Association , _cNovember 2020. |
||
| 300 |
_aVolume 119, pages 1188-1219 : _billustration ; _c28 cm. |
||
| 500 | _aJournal of Personality and Social Psychology, vol. 119, no. 4, pages 1188-1219, October 2020. | ||
| 650 |
_aPersonality. _961271 |
||
| 650 |
_aLanguage and languages. _961272 |
||
| 650 |
_aIndividuality. _919964 |
||
| 700 |
_aSaucier, Gerard. _eauthor. _958416 |
||
| 700 |
_aIurino, Kathryn. _eauthor. _958417 |
||
| 942 |
_2ddc _cPER |
||
| 999 |
_c20674 _d20674 |
||